000 02296cam a2200433 i 4500
001 zz2004949221
003 NUKAT
005 20260428195953.0
008 040708s1915 pl 2 |000 0 pol c
035 _a(OCoLC)749495808
035 _a(NUKAT)zz2004949221
040 _aLUBL M/mm
_bpol
_erda
_cLUBL M/mm
_dLUBL M/JD
_dWA U/MW
_dPOZN U/GZs
_dPOZN U/MW
_dOLSZT 008/AL
041 0 _apol
_alat
_bfre
100 1 _aKochanowski, Jan Karol
_d(1869-1949).
_eAutor
_99561
245 1 0 _aPróba ujęcia hermeneutycznego pojęć o "Ziemi" i "Obyczaju", "Księciu" i "Przywileju" w świetle praktyki sądowej na Mazowszu u schyłku wieków średnich =
_bEssai d'une image herméneutique des anciennes idées masoviennes de la "Terre" (= pays) et de la "Coutume", du "Prince" (= duc) et du "Privilège", basé sur la pratique judiciaire de cette province vers la fin du Moyen-âge /
_cJ. K. Kochanowski.
246 3 1 _aEssai d'une image herméneutique des anciennes idées masoviennes de la "Terre" (= pays) et de la "Coutume", du "Prince" (= duc) et du "Privilège", basé sur la pratique judiciaire de cette province vers la fin du Moyen-âge
260 _aWarszawa :
_bDrukarnia i Litografia Jana Cotty,
_c1915.
300 _aStrony [2], 15-46 ;
_c26 cm.
336 _aTekst
_btxt
_2rdacontent
337 _aBez urządzenia pośredniczącego
_bn
_2rdamedia
338 _aWolumin
_bnc
_2rdacarrier
380 _aKsiążki
500 _aOdbitka z: "Sprawozdania Towarzystwa Naukowego Warszawskiego. Wydział Nauk Antropologicznych, Społecznych, Historii i Filozofii" 8:1915 z. 2.
530 _aDostępne także w wersji elektronicznej.
546 _aTekst częściowo w języku łacińskim. Streszczenie w języku francuskim.
648 7 _a1401-1500
_2DBN
_936030
648 7 _a1501-1600
_2DBN
_936032
650 7 _aDokumenty
_2DBN
_940830
650 7 _aPrawo
_2DBN
_935905
651 7 _aMazowsze
_2DBN
_936935
651 7 _aPolska
_2DBN
_935076
651 7 _aMazowsze (Polska ; region)
_yśredniowiecze.
_2kaba
_915889
655 7 _aNadbitki i odbitki
_2DBN
_938727
658 _aBibliotekarstwo, archiwistyka, muzealnictwo
658 _aHistoria
710 2 _aDrukarnia i Litografia "Jan Cotty".
_eWydawca
_4pbl
_914665
856 4 1 _uhttps://www.wbc.poznan.pl/publication/568864
942 _2ddc
_cBK_NM
999 _c27851
_d27851